| 000 | 00346nam a2200109Ia 4500 | ||
|---|---|---|---|
| 008 | 171211s9999 xx 000 0 und d | ||
| 245 | 4 | _aThe Absolute Correspondence Championship of the United States Chess Federation, 1976-2010 | |
| 245 | _cAlex Dunne | ||
| 260 | _c2012 | ||
| 650 | _xGAMES | ||
| 856 | _uhttp://down.ebook777.com/058/0786472944.pdf | ||
| 999 |
_c348880 _d348880 |
||